000 00507nam a2200145Ia 4500
008 250103s2023 xx 000 0 und d
020 _a978-3-031-38945-0
022 _a2662-656X
041 _aeng
100 _aKetil Djønne
245 _aThe Political Economy of Maritime Safety
260 _bSpringer Nature Switzerland
_c2023
440 _vPalgrave Studies in Maritime Economics
856 _uhttps://link.springer.com/openurl?genre=book&isbn=978-3-031-38945-0
_zhttps://doi.org/10.1007/978-3-031-38945-0
999 _c12749
_d12749